000 01803nam a2200241Ia 4500
999 _c36397
_d36397
001 2311
003 GE_BSU
005 20190529132129.0
008 181216s2008||||ge |||||||||||||| ||geo||
020 _a978994025763
040 _cGE_BSU
041 _ageo
080 _a352/354 ფ–98
100 _aფუტკარაძე, რაჟდენ
_9245
245 _aადგილობრივი თვითმმართველობის ორგანიზაცია და ადგილობრივი ადმინისტრაციული წარმოება /
_cრაჟდენ ფუტკარაძე ; რედ. მ. გორგოშაძე; შოთა რუსთაველის სახელმწ. უნ-ტის სოციალ. მეცნ., ბიზნესისა და სამართალმცოდნ. ფაკ., იურიდ. მეცნ. დეპარტამენტი.
264 _aბათუმი :
_bშოთა რუსთაველის უნ-ტის გამ-ბა,
_c2008.
300 _a435 გვ.;
_b21 სმ.
653 _aადგილობრივი თვითმმართველობის ორგანოები საქართველოში
653 _aადმინისტრაციული სამართალი
700 _aგორგოშაძე, მურმან
_eრედაქტორი
_91793
710 _aშოთა რუსთაველის სახელმწ. უნ-ტი
_bსოციალ. მეცნ., ბიზნესისა და სამართალმცოდნ. ფაკ.; იურიდ. მეცნ. დეპარტამენტი.
_91406
942 _cBK
_2udc